000 01376nam a2200277 a 4500
001 40904
003 BD-RjUL
005 20211209053308.0
008 160512b ii ||||| |||| 00| 0 ben d
020 _cIRs. 5.00
035 _a(BD-RjUL)41020
040 _aBD-RjUL
_beng
_cBD-RjUL
_dBD-RjUL
041 _aeng
082 _223
_a891.441
_bDAM
100 _aদত্ত, মাইকেল মধুসূদন
_9125909
245 1 0 _aমেঘনাদবধ কাব্য /
_cমাইকেল মধুসূদন দত্ত ; শ্রী সুবোধ চন্দ্র সেনগুপ্ত লিখিত ভূমিকা সংবলিত ; শ্রী কালীপদ সেন সম্পাদিত
250 _aপূর্ণাঙ্গ সং.
260 _aকলিকাতা :
_bএ. মুখার্জী অ্যাণ্ড কোং,
300 _a৩৯০ পৃ.
_c২২ সেমি.
500 _aটীকা, টীপ্পনী সংযুক্ত
650 _aবাংলা কবিতা
_9125910
650 _aBengali Poetry
_9125911
700 _aসেনগুপ্ত, শ্রী সুবোধ চন্দ্র, লিখিত ভূমিকা সংবলিত
_9125912
700 _aসেন, শ্রী কালীপদ, সম্পাদক
_9125913
942 _2ddc
_cBK
_01
999 _c40904
_d40904